| 000 | 00567nam a2200181 i 4500 | ||
|---|---|---|---|
| 001 | 97168 | ||
| 003 | ES-MaACL | ||
| 005 | 20260521123126.0 | ||
| 007 | t| | ||
| 008 | 050707s1976 sp ||||1| spa d | ||
| 100 | 1 |
_aMao, Zedong, _d1893-1976 _9170492 |
|
| 245 | 1 | 3 |
_aLa guerra prolongada / _cMao Tse-Tung; [versión de Ediciones en Lenguas Extranjeras, Pekin]. |
| 260 |
_aBarcelona : _bR. Torres, _c1976. |
||
| 300 |
_a153 p. ; _c20 cm. |
||
| 710 | 2 |
_aEdiciones en Lenguas Extranjeras ( _cPekin) _93426 |
|
| 852 |
_aES-MaACL _jF-16116 _bR.94916 |
||
| 999 |
_c97168 _d97168 |
||